Word Scramble 4-Letter P-words - Statistics

General Stats
  • This quiz has been taken 12 times
  • The average score is 12 of 12
Answer Stats
Answer % Correct
pace
100%
pact
100%
pads
100%
page
100%
paid
100%
pain
100%
pair
100%
pals
100%
pane
100%
pang
100%
papa
100%
park
100%
part
100%
pass
100%
past
100%
path
100%
pats
100%
pave
100%
pawn
100%
paws
100%
peak
100%
peat
100%
peck
100%
peek
100%
peel
100%
peer
100%
pens
100%
perk
100%
perm
100%
pest
100%
pets
100%
pick
100%
pier
100%
pies
100%
pike
100%
pill
100%
pine
100%
pink
100%
pint
100%
pity
100%
play
100%
plea
100%
plot
100%
plow
100%
ploy
100%
plug
100%
plum
100%
plus
100%
poem
100%
poet
100%
poll
100%
polo
100%
pond
100%
pony
100%
pool
100%
poor
100%
pore
100%
pose
100%
posh
100%
post
100%
pots
100%
pour
100%
pray
100%
prey
100%
prom
100%
pros
100%
puck
100%
pull
100%
pulp
100%
puma
100%
punk
100%
puns
100%
punt
100%
pure
100%
putt
100%
pits
67%
pack
0%
pale
0%
palm
0%
pant
0%
pays
0%
pear
0%
peas
0%
peep
0%
pile
0%
ping
0%
pins
0%
pipe
0%
plan
0%
plat
0%
poke
0%
pole
0%
pong
0%
pope
0%
pork
0%
port
0%
prep
0%
prod
0%
prop
0%
puff
0%
puke
0%
pump
0%
push
0%
puts
0%
No matching quizzes found
Score Distribution
Percent of People with Each Score
Percentile by Number Answered
Your Score History
You have not taken this quiz